| 000 | 01052nam a2200289 a 4500 | ||
|---|---|---|---|
| 001 | 66128 | ||
| 003 | BD-RjUL | ||
| 005 | 20211209081513.0 | ||
| 008 | 810903s1982 moua b 001 0 eng | ||
| 020 | _a0801621674 | ||
| 035 | _a(BD-RjUL)66258 | ||
| 040 |
_aDLC _cDLC _dDLC _dBD-RjUL _beng |
||
| 041 | _aeng | ||
| 082 | 0 | 0 |
_223 _a591 _bHIB 1982 |
| 100 | 1 |
_aHickman, Cleveland P., _9195644 |
|
| 245 | 1 | 0 |
_aBiology of animals / _cCleveland P. Hickman, Jr., Larry S. Roberts, Frances M. Hickman ; original artwork by William C. Ober. |
| 250 | _a3rd ed. | ||
| 260 |
_aSt. Louis : _bC.V. Mosby, _c1982. |
||
| 300 |
_aviii, 646 p. : _bill. ; _c29 cm. |
||
| 500 | _aSecond ed. by Cleveland P. Hickman, Cleveland P. Hickman, Jr., Frances M. Hickman. | ||
| 504 | _aIncludes bibliographies and index. | ||
| 650 | 0 |
_aZoology. _9195645 |
|
| 700 | 1 |
_aRoberts, Larry S., _d1935- _9195646 |
|
| 700 | 1 |
_aHickman, Frances Miller. _9195647 |
|
| 700 | 1 |
_aHickman, Cleveland P. _q(Cleveland Pendleton), _d1896-1978. _tBiology of animals. _9195648 |
|
| 942 |
_2ddc _cBK |
||
| 999 |
_c66128 _d66128 |
||